=LDR 00000nam 2200000 4500 =001 000339 =005 20250711023334 =035 ##$$a 0010-0725000194 =007 ta =008 250711################a##########0#ind## =020 ##$$a 978-623-307-770-5 =082 ##$$a 398.209 598 =100 #$$a Boreyrachana,Hor =245 1#$$a Waluh Berkulit Benjol /$c Hor Boreyrachana =250 ##$$a pertama =260 ##$$a Jakarta :$b Badan Pengembangan dan Pembinaan Bahasa,$c 2022 =300 ##$$a 20hlm. : $b ilus. ; $c 21,5cm =650 #4$$a cerita anak indonesia terjemahanl =650 #4$$a literasi bahan bacaan =700 #$$a Mann Malen =856 ##$$a TBM AS-SYUHADA =084 ##$$a 398.209 598 BOR w =990 ##$$a TBM202400048 =990 ##$$a TBM202400190